La pédagogie des sciences (Record no. 13036)

MARC details
000 -LEADER
fixed length control field 00532nam a2200193 4500
008 - FIXED-LENGTH DATA ELEMENTS--GENERAL INFORMATION
fixed length control field b xx# fre u
010 ## - LIBRARY OF CONGRESS CONTROL NUMBER
LC control number 15423
040 ## - CATALOGING SOURCE
Original cataloging agency LB-BrCRDP
082 ## - DEWEY DECIMAL CLASSIFICATION NUMBER
Classification number 370.15/M622p
100 1# - MAIN ENTRY--PERSONAL NAME
Personal name Michaud, Edmond
130 1# - MAIN ENTRY--UNIFORM TITLE
Language of a work FR
245 10 - TITLE STATEMENT
Title La pédagogie des sciences
Remainder of title essai de psycho-pédagogie
Statement of responsibility, etc. Edmond Michaud
260 ## - PUBLICATION, DISTRIBUTION, ETC.
Place of publication, distribution, etc. Paris
Name of publisher, distributor, etc. P.U.F.,
Date of publication, distribution, etc. 1970
300 ## - PHYSICAL DESCRIPTION
Extent 116p. ;
Dimensions 18cm
490 0# - SERIES STATEMENT
Series statement SUP. L'Education; 30
650 ## - SUBJECT ADDED ENTRY--TOPICAL TERM
Topical term or geographic name entry element Psychologie pédagogique
942 ## - ADDED ENTRY ELEMENTS (KOHA)
Koha item type Books
Holdings
Withdrawn status Lost status Source of classification or shelving scheme Damaged status Not for loan Home library Current library Shelving location Date acquired Total Checkouts Full call number Barcode Date last seen Copy number Price effective from Koha item type
    Dewey Decimal Classification     مكتبة المطبعة - سن الفيل مكتبة المطبعة - سن الفيل Salle de Lecture 07/27/2016   370.15 M622p CRF011510 07/27/2016 1 07/27/2016 Books